OPAC Home

එළු අත්තනගළු චංශය (Record no. 103003)

MARC details
000 -LEADER
fixed length control field 00604nam a2200205Ia 4500
003 - CONTROL NUMBER IDENTIFIER
control field LK-CoDNM
008 - FIXED-LENGTH DATA ELEMENTS--GENERAL INFORMATION
fixed length control field 010623t1953 xxu||||| |||| 00| 1 Pali d
040 ## - CATALOGING SOURCE
Original cataloging agency LK-CoDNM
Modifying agency LK-CoDNM
Description conventions LK-CoDNM
041 ## - LANGUAGE CODE
Language code of text/sound track or separate title
-- Sinhala; Sinhalese
080 ## - UNIVERSAL DECIMAL CLASSIFICATION NUMBER
Universal Decimal Classification number J 42
942 ## - ADDED ENTRY ELEMENTS (KOHA)
Koha item type Books
100 ## - MAIN ENTRY--PERSONAL NAME
Personal name Gunawardana ,Amarasiri
700 ## - ADDED ENTRY--PERSONAL NAME
Personal name Maithreya Thero, Veedagama
245 ## - TITLE STATEMENT
Title එළු අත්තනගළු චංශය
246 ## - VARYING FORM OF TITLE
Title proper/short title Elu Aththanagalu Vanshaya
260 ## - PUBLICATION, DISTRIBUTION, ETC. (IMPRINT)
Name of publisher, distributor, etc. K.A Ariyadasa
Place of publication, distribution, etc. Maradana
Date of publication, distribution, etc. 1953
300 ## - PHYSICAL DESCRIPTION
Other physical details 192P., 18 cm
650 ## - SUBJECT ADDED ENTRY--TOPICAL TERM
Topical term or geographic name as entry element Elu Aththanagalu Vansha Pela
650 ## - SUBJECT ADDED ENTRY--TOPICAL TERM
Topical term or geographic name as entry element Elu Aththnagalu Vansha Peheliya
Holdings
Withdrawn status Lost status Damaged status Not for loan Collection code Permanent Location Current Location Date acquired Full call number Barcode Koha item type
        Monographs Library National Museum Colombo - Sri Lanka Library National Museum Colombo - Sri Lanka 2023-08-02 J 42 47867 Books
Copyright © 2023 Department of National Museum, Colombo 07, Sri Lanka Funded by UNESCO IFAP UNESCO